[Event "TCh-FRA Top 12 2016"]
[Site "Drancy FRA"]
[Date "2016.06.03"]
[Round "7.6"]
[Board "3"]
[White "Sanikidze, Tornike"]
[Black "Moussard, Jules"]
[Result "1/2-1/2"]
[WhiteTitle "GM"]
[BlackTitle "IM"]
[WhiteElo "2537"]
[BlackElo "2506"]
[WhiteTeam "C.E. STRASBOURG"]
[BlackTeam "EVRY Grand Roque"]
[WhiteFideId "13602608"]
[BlackFideId "642908"]
[EventDate "2016.05.28"]

1. d4 Nf6 2. c4 b6 3. Nc3 Bb7 4. Nf3 e6 5. a3 d5 6. cxd5 Nxd5 7. Qa4+ Nd7 8.
Nxd5 Bxd5 9. Qc2 Rc8 10. e4 Bb7 11. Bc4 Be7 12. O-O O-O 13. Bf4 Nf6 14. Rfe1 Nh5
15. Be3 Nf6 16. Bf4 Nh5 17. Bd2 c5 18. d5 exd5 19. exd5 b5 20. Bxb5 Bxd5 21. Ne5
Nf6 22. Rad1 Qb6 23. Bc4 1/2-1/2

[Event "TCh-FRA Top 12 2016"]
[Site "Drancy FRA"]
[Date "2016.06.03"]
[Round "7.6"]
[Board "4"]
[White "Justo, Damian"]
[Black "Vaisser, Anatoly"]
[Result "0-1"]
[WhiteTitle "FM"]
[BlackTitle "GM"]
[WhiteElo "2325"]
[BlackElo "2509"]
[WhiteTeam "EVRY Grand Roque"]
[BlackTeam "C.E. STRASBOURG"]
[WhiteFideId "101168"]
[BlackFideId "603252"]
[EventDate "2016.05.28"]

1. d4 Nf6 2. c4 c5 3. d5 b5 4. cxb5 a6 5. bxa6 g6 6. Nc3 Bg7 7. g3 d6 8. Nf3 O-O
9. Bg2 Nxa6 10. O-O Nc7 11. Re1 Ba6 12. e4 Nd7 13. Bf4 Rb8 14. Qd2 Rb4 15. e5
Nb6 16. b3 Bb7 17. Bh6 Nbxd5 18. Bxg7 Kxg7 19. Rad1 Qa8 20. exd6 exd6 21. Nxd5
Bxd5 22. Qc3+ Kg8 23. Rd2 Re8 24. Red1 Nb5 25. Qd3 Be4 26. Qe3 Nd4 27. Rxd4 cxd4
28. Qf4 Qd5 29. Re1 Rbb8 30. h4 d3 31. h5 Bxf3 32. Rxe8+ Rxe8 33. Bxf3 d2 0-1

[Event "TCh-FRA Top 12 2016"]
[Site "Drancy FRA"]
[Date "2016.06.03"]
[Round "7.6"]
[Board "5"]
[White "Rozentalis, Eduardas"]
[Black "Bergez, Luc"]
[Result "1-0"]
[WhiteTitle "GM"]
[BlackTitle "IM"]
[WhiteElo "2593"]
[BlackElo "2342"]
[WhiteTeam "C.E. STRASBOURG"]
[BlackTeam "EVRY Grand Roque"]
[WhiteFideId "12800023"]
[BlackFideId "606600"]
[EventDate "2016.05.28"]

1. e4 c6 2. d4 d5 3. Nd2 dxe4 4. Nxe4 Bf5 5. Ng3 Bg6 6. Nh3 e6 7. Nf4 Qc7 8. h4
Bd6 9. Nge2 Nd7 10. c3 Ngf6 11. Nxg6 hxg6 12. g3 e5 13. Bg2 exd4 14. cxd4 Nb6
15. a3 Nbd5 16. Bg5 Qb6 17. Qc2 Kf8 18. O-O-O Kg8 19. Rhe1 a5 20. Bxf6 gxf6 21.
Rd3 Kg7 22. Kb1 Rad8 23. Bf3 Qa6 24. h5 Nc7 25. hxg6 fxg6 26. Re3 Rhe8 27. Nf4
Bxf4 28. gxf4 Rxe3 29. fxe3 Nd5 30. Rg1 Ne7 31. Be4 Rg8 32. Qc5 Kf7 33. Bc2 a4
34. e4 Rh8 35. e5 f5 36. e6+ Ke8 37. Qe5 1-0

[Event "TCh-FRA Top 12 2016"]
[Site "Drancy FRA"]
[Date "2016.06.03"]
[Round "7.6"]
[Board "6"]
[White "Manouck, Thierry"]
[Black "Sharif, Mehrshad"]
[Result "1/2-1/2"]
[WhiteTitle "IM"]
[BlackTitle "IM"]
[WhiteElo "2211"]
[BlackElo "2425"]
[WhiteTeam "EVRY Grand Roque"]
[BlackTeam "C.E. STRASBOURG"]
[WhiteFideId "600873"]
[BlackFideId "600121"]
[EventDate "2016.05.28"]

1. c4 e5 2. g3 Nc6 3. Bg2 Bc5 4. Nc3 d6 5. e3 Nge7 6. d3 a6 7. a3 Ba7 8. b4 O-O
9. Bd2 Be6 10. Nd5 Qd7 11. Ne2 Nd8 12. h3 Nf5 13. a4 c6 14. a5 cxd5 15. cxd5
Nxe3 16. fxe3 Bf5 17. Ra3 Bg6 18. O-O f5 19. Kh2 Nf7 20. Rc3 h6 21. Qb3 Rac8 22.
Rc4 Bh5 23. Re1 Ng5 24. Ng1 Rxc4 25. dxc4 Ne4 26. Bc1 Qe7 27. Nf3 Kh8 28. Rf1
Kh7 29. Qc2 Kh8 30. Qb3 g5 31. Nd2 1/2-1/2

[Event "TCh-FRA Top 12 2016"]
[Site "Drancy FRA"]
[Date "2016.06.03"]
[Round "7.6"]
[Board "7"]
[White "Roos, Louis"]
[Black "Ben Khelifa, Noomene"]
[Result "1-0"]
[WhiteTitle "IM"]
[WhiteElo "2359"]
[BlackElo "2066"]
[WhiteTeam "C.E. STRASBOURG"]
[BlackTeam "EVRY Grand Roque"]
[WhiteFideId "600288"]
[BlackFideId "641995"]
[EventDate "2016.05.28"]

1. c4 e5 2. Nc3 Nf6 3. e3 Nc6 4. a3 a5 5. Nf3 Be7 6. d4 exd4 7. Nxd4 O-O 8. Be2
Re8 9. O-O Bc5 10. b3 Ne7 11. Bb2 d6 12. Na4 Ba7 13. Qc2 Bd7 14. Nb5 Bf5 15. Bd3
Bxd3 16. Qxd3 Nc6 17. Bxf6 gxf6 18. Nxa7 Rxa7 19. Nc3 Re6 20. f4 Ra8 21. Rf3 Ne7
22. e4 Ng6 23. Raf1 Re8 24. Rh3 c6 25. Kh1 Qe7 26. f5 Ne5 27. Qg3+ Kf8 28. Rxh7
Qc7 29. Qh4 Ke7 30. Rh6 Nd7 31. e5 dxe5 32. Ne4 Kd8 33. Rd1 Rf8 34. Nxf6 1-0

[Event "TCh-FRA Top 12 2016"]
[Site "Drancy FRA"]
[Date "2016.06.04"]
[Round "8.1"]
[Board "1"]
[White "Fressinet, Laurent"]
[Black "Fier, Alexandr"]
[Result "1/2-1/2"]
[WhiteTitle "GM"]
[BlackTitle "GM"]
[WhiteElo "2692"]
[BlackElo "2624"]
[WhiteTeam "CLICHY Echecs 92"]
[BlackTeam "Echecs Club MONTPELLIER"]
[WhiteFideId "608742"]
[BlackFideId "2107139"]
[EventDate "2016.05.28"]

1. Nf3 Nf6 2. g3 g6 3. b3 d5 4. Bg2 c5 5. Bb2 Bg7 6. c4 d4 7. b4 O-O 8. bxc5 Ne4
9. O-O Nxc5 10. d3 Nc6 11. Ba3 Qa5 12. Bxc5 Qxc5 13. Nbd2 Rb8 14. Rb1 Bd7 15.
Rb5 Qa3 16. Qb3 Qxb3 17. Rxb3 Rfc8 18. Rfb1 b6 19. Ne1 Na5 20. R3b2 Nb7 21. Nb3
Nc5 22. Nxc5 Rxc5 23. Nc2 Rbc8 24. Na1 Ra5 25. Nb3 Ra3 26. Rc2 Ba4 27. Kf1 e6
28. Rcb2 Bxb3 29. axb3 a5 30. Bb7 Rc7 31. Ba6 Bf8 32. Bb5 Bb4 33. Rc2 1/2-1/2

[Event "TCh-FRA Top 12 2016"]
[Site "Drancy FRA"]
[Date "2016.06.04"]
[Round "8.1"]
[Board "2"]
[White "Smith, Axel"]
[Black "Hammer, Jon Ludvig"]
[Result "1-0"]
[WhiteTitle "GM"]
[BlackTitle "GM"]
[WhiteElo "2499"]
[BlackElo "2689"]
[WhiteTeam "Echecs Club MONTPELLIER"]
[BlackTeam "CLICHY Echecs 92"]
[WhiteFideId "1707930"]
[BlackFideId "1503707"]
[EventDate "2016.05.28"]

1. e4 e5 2. Nf3 Nc6 3. Bb5 a6 4. Ba4 Nf6 5. O-O Be7 6. d3 b5 7. Bb3 d6 8. a4 b4
9. a5 O-O 10. Nbd2 Be6 11. Bxe6 fxe6 12. c3 Rb8 13. d4 bxc3 14. bxc3 exd4 15.
cxd4 Rb5 16. Re1 Nxa5 17. d5 e5 18. Qc2 Nd7 19. Qc3 Rc5 20. Qd3 Qc8 21. Rb1 Rb5
22. Rxb5 axb5 23. Qxb5 Nb7 24. Nb3 Nb6 25. Be3 Qd7 26. Qa6 Rb8 27. Bxb6 cxb6 28.
Qxb6 Rc8 29. h3 Rc4 30. Nfd2 Bd8 31. Qa6 Rc3 32. Qa1 Rd3 33. Qa6 Rc3 34. Qa1 Rd3
35. Qb1 Qb5 36. Qc2 Bg5 37. Rb1 Nc5 38. Nxc5 Rxd2 39. Rxb5 Rxc2 40. Ne6 Bf6 41.
Rb8+ Kf7 42. Rb7+ Kg6 43. Rd7 Rc1+ 44. Kh2 Re1 45. f3 h5 46. Nf8+ Kh6 47. Rxd6
h4 48. Nd7 Kg5 49. Nxf6 gxf6 50. Rd8 Rd1 51. Rh8 Re1 52. Rg8+ Kh6 53. d6 Rd1 54.
Rd8 Kg6 55. d7 Kg7 56. g4 Kh7 57. Kg2 Kg7 58. Kf2 Kh7 59. Ke2 Rd6 60. Rf8 1-0

[Event "TCh-FRA Top 12 2016"]
[Site "Drancy FRA"]
[Date "2016.06.04"]
[Round "8.1"]
[Board "3"]
[White "Tkachiev, Vladislav"]
[Black "Flear, Glenn C"]
[Result "1-0"]
[WhiteTitle "GM"]
[BlackTitle "GM"]
[WhiteElo "2660"]
[BlackElo "2452"]
[WhiteTeam "CLICHY Echecs 92"]
[BlackTeam "Echecs Club MONTPELLIER"]
[WhiteFideId "618438"]
[BlackFideId "400165"]
[EventDate "2016.05.28"]

1. Nf3 d5 2. g3 e6 3. Bg2 Nf6 4. O-O b5 5. d3 Bb7 6. c4 dxc4 7. dxc4 Qxd1 8.
Rxd1 b4 9. Bf4 Na6 10. a3 c5 11. Ne5 Bxg2 12. Kxg2 Ne4 13. axb4 Nxb4 14. Nc3 Nd6
15. Nb5 Nxb5 16. cxb5 f6 17. Nd7 Rd8 18. Rxa7 Nd5 19. Rxd5 exd5 20. Nxf8 Rxf8
21. b6 Rd7 22. b7 1-0

[Event "TCh-FRA Top 12 2016"]
[Site "Drancy FRA"]
[Date "2016.06.04"]
[Round "8.1"]
[Board "4"]
[White "Libiszewski, Fabien"]
[Black "Hamdouchi, Hicham"]
[Result "1/2-1/2"]
[WhiteTitle "GM"]
[BlackTitle "GM"]
[WhiteElo "2533"]
[BlackElo "2585"]
[WhiteTeam "Echecs Club MONTPELLIER"]
[BlackTeam "CLICHY Echecs 92"]
[WhiteFideId "616834"]
[BlackFideId "9000011"]
[EventDate "2016.05.28"]

1. e4 e5 2. Nf3 Nc6 3. Bb5 a6 4. Ba4 Nf6 5. O-O Be7 6. Re1 b5 7. Bb3 O-O 8. c3
d5 9. exd5 Nxd5 10. Nxe5 Nxe5 11. Rxe5 c6 12. d3 Bd6 13. Re1 Bf5 14. Qf3 Qh4 15.
g3 Qh3 16. Be3 Bxd3 17. Nd2 Qf5 18. Bd4 Rfe8 19. a4 1/2-1/2

[Event "TCh-FRA Top 12 2016"]
[Site "Drancy FRA"]
[Date "2016.06.04"]
[Round "8.1"]
[Board "5"]
[White "Tregubov, Pavel V."]
[Black "Touzane, Olivier"]
[Result "1-0"]
[WhiteTitle "GM"]
[BlackTitle "IM"]
[WhiteElo "2593"]
[BlackElo "2308"]
[WhiteTeam "CLICHY Echecs 92"]
[BlackTeam "Echecs Club MONTPELLIER"]
[WhiteFideId "4115341"]
[BlackFideId "602906"]
[EventDate "2016.05.28"]

1. d4 Nf6 2. c4 g6 3. g3 Bg7 4. Bg2 O-O 5. Nc3 d6 6. Nf3 Nc6 7. O-O e5 8. d5 Nb8
9. Ne1 a5 10. Rb1 Nbd7 11. Nd3 Nc5 12. Nxc5 dxc5 13. e4 Ne8 14. Be3 b6 15. Qd2
Nd6 16. b3 f5 17. f4 fxe4 18. fxe5 Bxe5 19. Rxf8+ Qxf8 20. Rf1 Qe7 21. Nxe4 Nxe4
22. d6 cxd6 23. Qd5+ Kg7 24. Qxa8 Bb7 25. Qa7 d5 26. Bxe4 dxe4 27. Qxb6 1-0

[Event "TCh-FRA Top 12 2016"]
[Site "Drancy FRA"]
[Date "2016.06.04"]
[Round "8.1"]
[Board "6"]
[White "Brochet, Philippe"]
[Black "Delorme, Axel"]
[Result "0-1"]
[WhiteTitle "IM"]
[BlackTitle "IM"]
[WhiteElo "2379"]
[BlackElo "2502"]
[WhiteTeam "Echecs Club MONTPELLIER"]
[BlackTeam "CLICHY Echecs 92"]
[WhiteFideId "602469"]
[BlackFideId "632023"]
[EventDate "2016.05.28"]

1. e4 e5 2. Nf3 Nc6 3. Bc4 Bc5 4. O-O Nf6 5. d3 O-O 6. c3 d5 7. exd5 Nxd5 8. b4
Be7 9. b5 Na5 10. Bxd5 Qxd5 11. c4 Qe6 12. Bd2 b6 13. Re1 f6 14. Bxa5 bxa5 15.
Nc3 Bb7 16. Nd4 Qd7 17. Nb3 a6 18. Nxa5 Bxg2 19. Rb1 axb5 20. cxb5 Rxa5 21. Kxg2
Ra3 22. Rb3 Rfa8 23. Qf3 Bc5 24. Ne4 Bd4 25. Rxa3 Rxa3 26. Re2 f5 27. Qh3 h6 28.
Rc2 Qf7 29. Nd2 Rxa2 30. Rxa2 Qxa2 31. Qxf5 Qxd2 32. Qc8+ Kf7 33. Qxc7+ Kg6 34.
Qc6+ Kg5 35. Qf3 Qf4 0-1

[Event "TCh-FRA Top 12 2016"]
[Site "Drancy FRA"]
[Date "2016.06.04"]
[Round "8.1"]
[Board "7"]
[White "Skripchenko, Almira"]
[Black "Grollemund, Bertrand"]
[Result "1-0"]
[WhiteTitle "IM"]
[WhiteElo "2453"]
[BlackElo "2189"]
[WhiteTeam "CLICHY Echecs 92"]
[BlackTeam "Echecs Club MONTPELLIER"]
[WhiteFideId "13900145"]
[BlackFideId "619523"]
[EventDate "2016.05.28"]

1. e4 g6 2. d4 Bg7 3. Nc3 d6 4. Be3 a6 5. Qd2 b5 6. h4 h5 7. O-O-O Nf6 8. f3 c6
9. Kb1 Qc7 10. Bf4 b4 11. Na4 Nbd7 12. Qxb4 Rb8 13. Qc3 O-O 14. Bc4 Nb6 15. Nxb6
Qxb6 16. Ne2 a5 17. Rhg1 Ba6 18. Bxa6 Qxa6 19. Qd3 Qb7 20. Bc1 Rfc8 21. e5 Nd5
22. e6 c5 23. exf7+ Kxf7 24. a3 Bh6 25. Qb3 Qxb3 26. cxb3 Bxc1 27. Nxc1 Ne3 28.
Rd3 Nf5 29. dxc5 Rxc5 30. g3 Rbc8 31. Ne2 Rc2 32. Nc3 Rh2 33. Rd5 Rb8 34. Ka2
Rc8 35. Ne4 Rcc2 36. Rb1 Ne3 37. Rxa5 d5 38. Ng5+ Ke8 39. b4 d4 40. Ra8+ Kd7 41.
Ra7+ Kc6 42. Rxe7 Nc4 43. b5+ Kb6 44. Ne4 Rxb2+ 45. Rxb2 Rxb2+ 46. Ka1 Rxb5 47.
Re6+ Kc7 48. Rxg6 Rb3 49. Rg5 Rxa3+ 50. Kb1 Rxf3 51. Rc5+ Kd7 52. Rxc4 d3 53.
Kc1 1-0

[Event "TCh-FRA Top 12 2016"]
[Site "Drancy FRA"]
[Date "2016.06.04"]
[Round "8.1"]
[Board "8"]
[White "Haussernot, Cecile"]
[Black "Barbot, Pierre1"]
[Result "0-1"]
[WhiteTitle "WFM"]
[BlackTitle "IM"]
[WhiteElo "2087"]
[BlackElo "2429"]
[WhiteTeam "Echecs Club MONTPELLIER"]
[BlackTeam "CLICHY Echecs 92"]
[WhiteFideId "601632"]
[BlackFideId "663727"]
[EventDate "2016.05.28"]

1. e4 e5 2. Nf3 Nc6 3. Bb5 g6 4. O-O Bg7 5. c3 a6 6. Bc4 b5 7. Bd5 Nge7 8. d4
exd4 9. cxd4 O-O 10. Bg5 h6 11. Bh4 g5 12. Bg3 d6 13. h4 g4 14. Nh2 Nxd5 15.
exd5 Nxd4 16. Nc3 f5 17. Qd2 b4 18. Nd1 f4 0-1

[Event "TCh-FRA Top 12 2016"]
[Site "Drancy FRA"]
[Date "2016.06.04"]
[Round "8.2"]
[Board "1"]
[White "Naiditsch, Arkadij"]
[Black "Krasenkow, Michal"]
[Result "0-1"]
[WhiteTitle "GM"]
[BlackTitle "GM"]
[WhiteElo "2663"]
[BlackElo "2610"]
[WhiteTeam "BISCHWILLER"]
[BlackTeam "L'Echiquier Chalonnais, CHALONS-EN-CHAMPAGNE"]
[WhiteFideId "4650891"]
[BlackFideId "1113100"]
[EventDate "2016.05.28"]

1. e4 e5 2. Nf3 Nc6 3. Bb5 Nf6 4. d3 d6 5. O-O Bd7 6. Re1 a6 7. Bxc6 Bxc6 8. Nc3
Be7 9. d4 exd4 10. Nxd4 Nd7 11. Nf5 Bf6 12. Nd5 O-O 13. Nxf6+ Qxf6 14. Bd2 Rfe8
15. Bc3 Qg6 16. f3 f6 17. Kh1 Nc5 18. Qd2 Ne6 19. Rad1 Rad8 20. Bb4 b5 21. Qf2
Kh8 22. Rd2 Rd7 23. b3 Ra8 24. Ba5 Qf7 25. Rde2 Nf4 26. Re3 Bb7 27. Qg3 Ng6 28.
h3 Ne7 29. R1e2 Nc6 30. Bc3 b4 31. Bb2 Ne7 32. Qg4 Rad8 33. Nd4 Nc6 34. Nxc6
Bxc6 35. f4 a5 36. Qh4 Re8 37. e5 dxe5 38. fxe5 Rde7 39. Rf2 f5 40. Qg5 Bd7 41.
e6 Bxe6 42. Rg3 Bc8 43. Rf4 Rd8 44. Qh4 Qf8 45. Kh2 Rd2 46. Rc4 Kg8 47. Qf4 Rd6
48. Rc5 Rg6 49. Rxg6 hxg6 50. Rxc7 Qd8 51. Rc6 Kf7 52. Qc4+ Be6 53. Qf4 Qd5 54.
Ra6 Bc8 55. Rd6 Qe4 56. Qg5 Re6 57. Rd8 Rc6 58. Rh8 Rxc2 59. Bxg7 Kxg7 60. Qh6+
Kf6 61. Qf8+ Ke6 62. Qe8+ Kd6 63. Qd8+ Bd7 64. Qb8+ Kd5 65. Qb7+ Ke6 66. Qb6+
Rc6 0-1

[Event "TCh-FRA Top 12 2016"]
[Site "Drancy FRA"]
[Date "2016.06.04"]
[Round "8.2"]
[Board "2"]
[White "Salgado Lopez, Ivan"]
[Black "Rodshtein, Maxim"]
[Result "1/2-1/2"]
[WhiteTitle "GM"]
[BlackTitle "GM"]
[WhiteElo "2618"]
[BlackElo "2689"]
[WhiteTeam "L'Echiquier Chalonnais, CHALONS-EN-CHAMPAGNE"]
[BlackTeam "BISCHWILLER"]
[WhiteFideId "2257327"]
[BlackFideId "2806851"]
[EventDate "2016.05.28"]

1. e4 e5 2. Nf3 Nc6 3. Bb5 Nf6 4. O-O Nxe4 5. Re1 Nd6 6. Nxe5 Be7 7. Bf1 Nxe5 8.
Rxe5 O-O 9. Nc3 Ne8 10. Nd5 Bd6 11. Re1 c6 12. Ne3 Bc7 13. Nf5 d5 14. Ne7+ Kh8
15. Nxc8 Rxc8 16. d3 Nf6 17. Qf3 Qd7 18. g3 Ng4 19. d4 f5 20. Bf4 1/2-1/2

[Event "TCh-FRA Top 12 2016"]
[Site "Drancy FRA"]
[Date "2016.06.04"]
[Round "8.2"]
[Board "3"]
[White "Bacrot, Etienne"]
[Black "Velten, Paul"]
[Result "1/2-1/2"]
[WhiteTitle "GM"]
[BlackTitle "IM"]
[WhiteElo "2702"]
[BlackElo "2469"]
[WhiteTeam "BISCHWILLER"]
[BlackTeam "L'Echiquier Chalonnais, CHALONS-EN-CHAMPAGNE"]
[WhiteFideId "605506"]
[BlackFideId "681091"]
[EventDate "2016.05.28"]

1. e4 e6 2. d3 d5 3. Nd2 Nf6 4. Ngf3 b6 5. g3 dxe4 6. dxe4 Bb7 7. Qe2 Ba6 8. c4
Nfd7 9. Bg2 e5 10. O-O g6 11. Rd1 Bg7 12. b4 Bb7 13. Nb3 O-O 14. c5 Qe7 15. Bb2
a5 16. cxb6 cxb6 17. bxa5 bxa5 18. a4 Qe6 19. Qe3 Re8 20. Ba3 Qb6 21. Qd3 Bc6
22. Bd6 Na6 23. Qc4 Nf8 24. Ng5 Ne6 25. Nxe6 Rxe6 26. Nc5 Nxc5 27. Bxc5 Qa6 28.
Qxa6 Rxa6 29. Bf1 Ra8 30. f3 Ree8 31. Rd6 Rec8 32. Bh3 1/2-1/2

[Event "TCh-FRA Top 12 2016"]
[Site "Drancy FRA"]
[Date "2016.06.04"]
[Round "8.2"]
[Board "4"]
[White "Cossin, Sebastien"]
[Black "Pelletier, Yannick"]
[Result "0-1"]
[WhiteTitle "IM"]
[BlackTitle "GM"]
[WhiteElo "2514"]
[BlackElo "2558"]
[WhiteTeam "L'Echiquier Chalonnais, CHALONS-EN-CHAMPAGNE"]
[BlackTeam "BISCHWILLER"]
[WhiteFideId "618802"]
[BlackFideId "1301837"]
[EventDate "2016.05.28"]

1. Nf3 Nf6 2. c4 c5 3. d4 cxd4 4. Nxd4 e6 5. Nc3 Bb4 6. g3 O-O 7. Bg2 d5 8. O-O
dxc4 9. Qa4 Qa5 10. Qxa5 Bxa5 11. Bg5 Bxc3 12. bxc3 Nd5 13. Nb5 Na6 14. e4 Ndc7
15. Nxc7 Nxc7 16. Bf4 Nb5 17. Rfc1 Re8 18. a4 e5 19. Be3 Nc7 20. Rcb1 b6 21. a5
Be6 22. f4 f6 23. Rb4 Red8 24. Bf1 b5 25. Rbb1 a6 26. f5 Bf7 27. g4 Rd7 28. Rd1
Rad8 29. Rxd7 Rxd7 30. Kf2 Ne8 31. Re1 Nd6 32. Bc5 Nb7 33. Bb4 Nd8 34. Bc5 Nc6
35. Bb6 h5 36. h3 b4 37. cxb4 Nxb4 38. Rb1 Na2 39. Be3 Rc7 40. Ra1 Nc3 41. Bb6
Rd7 42. Ke3 Kh7 43. Rc1 Na2 44. Rxc4 Bxc4 45. Bxc4 Nb4 46. gxh5 Kh6 47. Be2 Rd6
48. Kf2 Rc6 49. Be3+ Kh7 50. Bb6 Rc3 51. Bf1 Ra3 52. Kg2 Kh6 53. Bc5 Rb3 54. Be2
Nd3 55. Be3+ Kh7 56. Bf1 Ra3 57. Kg1 Rxa5 0-1

[Event "TCh-FRA Top 12 2016"]
[Site "Drancy FRA"]
[Date "2016.06.04"]
[Round "8.2"]
[Board "5"]
[White "Edouard, Romain"]
[Black "Anic, Darko"]
[Result "1/2-1/2"]
[WhiteTitle "GM"]
[BlackTitle "GM"]
[WhiteElo "2641"]
[BlackElo "2381"]
[WhiteTeam "BISCHWILLER"]
[BlackTeam "L'Echiquier Chalonnais, CHALONS-EN-CHAMPAGNE"]
[WhiteFideId "633429"]
[BlackFideId "602612"]
[EventDate "2016.05.28"]

1. d4 Nf6 2. c4 e6 3. Nc3 d5 4. Nf3 c5 5. e3 Nc6 6. a3 a6 7. dxc5 Bxc5 8. b4 Ba7
9. Qc2 O-O 10. Bb2 dxc4 11. Bxc4 b5 12. Bd3 Bb7 13. Ne4 h6 14. Nxf6+ gxf6 15.
Qc3 Kg7 16. Rd1 Rc8 17. Be2 Ne5 18. Rxd8 Rfxd8 19. Qb3 Bd5 20. Qd1 Bxf3 21. Qb1
Bb7 22. h4 Nc4 23. Rh3 Bb8 24. Bc1 Bxg2 25. Rg3+ Bxg3 26. fxg3 f5 27. Qa1+ f6
28. e4 e5 29. exf5 Be4 30. g4 Rd4 31. a4 Rc7 32. axb5 axb5 33. Qc3 Ra7 34. g5
hxg5 35. hxg5 Bxf5 36. Qg3 Ra1 37. gxf6+ Kxf6 38. Qg5+ Ke6 39. Kf2 Ra2 40. Qg8+
Kd6 41. Qf8+ Ke6 42. Qe8+ Kf6 43. Qh8+ Ke6 44. Qg8+ Kd6 45. Qf8+ 1/2-1/2

[Event "TCh-FRA Top 12 2016"]
[Site "Drancy FRA"]
[Date "2016.06.04"]
[Round "8.2"]
[Board "6"]
[White "Letreguilly, Olivier"]
[Black "Le Roux, Jean-Pierre"]
[Result "0-1"]
[WhiteTitle "FM"]
[BlackTitle "GM"]
[WhiteElo "2306"]
[BlackElo "2549"]
[WhiteTeam "L'Echiquier Chalonnais, CHALONS-EN-CHAMPAGNE"]
[BlackTeam "BISCHWILLER"]
[WhiteFideId "600997"]
[BlackFideId "609404"]
[EventDate "2016.05.28"]

1. e4 g6 2. d4 Bg7 3. Nf3 d6 4. h3 Nf6 5. Bd3 O-O 6. O-O c5 7. c3 Nfd7 8. d5 Na6
9. Re1 Rb8 10. a4 Re8 11. Nbd2 Nc7 12. Nf1 a6 13. Ng3 b5 14. axb5 axb5 15. h4
Nf6 16. Nh2 e6 17. dxe6 Nxe6 18. h5 c4 19. Bc2 b4 20. h6 Bf8 21. Be3 b3 22. Bb1
Bb7 23. f4 Bxh6 24. Rf1 Nc5 25. Bxc5 dxc5 26. Qe2 Nd5 27. Qf3 Nxf4 28. Ng4 Bg5
29. Ne3 Re6 30. Nxc4 Rf6 31. Qg4 h5 32. Qd1 h4 33. e5 hxg3 34. exf6 Qxf6 0-1

[Event "TCh-FRA Top 12 2016"]
[Site "Drancy FRA"]
[Date "2016.06.04"]
[Round "8.2"]
[Board "7"]
[White "Schlosser, Philipp"]
[Black "De Seroux, Camille"]
[Result "1-0"]
[WhiteTitle "GM"]
[BlackTitle "WFM"]
[WhiteElo "2539"]
[BlackElo "2085"]
[WhiteTeam "BISCHWILLER"]
[BlackTeam "L'Echiquier Chalonnais, CHALONS-EN-CHAMPAGNE"]
[WhiteFideId "4600169"]
[BlackFideId "1305620"]
[EventDate "2016.05.28"]

1. c4 Nf6 2. Nc3 c5 3. Nf3 e6 4. e3 b6 5. d4 cxd4 6. exd4 Bb4 7. Bd3 O-O 8. O-O
Bxc3 9. bxc3 Nc6 10. Bg5 h6 11. Bh4 d6 12. Nd2 Bb7 13. Re1 Na5 14. Nb3 Rc8 15.
Nxa5 bxa5 16. Re3 g5 17. Bg3 Ba6 18. c5 Bxd3 19. Rxd3 Ne4 20. cxd6 Nxg3 21. Rxg3
Qxd6 22. h4 f6 23. Qh5 Kg7 24. Re1 Qd5 25. f4 Qxa2 26. hxg5 fxg5 27. Rh3 Rf6 28.
fxg5 Qf2+ 29. Kh2 Qf4+ 30. Rg3 Rg6 31. gxh6+ Qxh6 32. Rxg6+ Qxg6 33. Qxg6+ Kxg6
34. Rxe6+ Kf5 35. Re5+ Kf6 36. Rxa5 Rxc3 37. Rxa7 Rc4 38. Rd7 Ke6 39. Rd8 Ke7
40. Rd5 Ke6 41. Re5+ Kf6 42. Re4 Kf5 43. Rh4 Kg5 44. g3 Rc2+ 45. Kh3 Rd2 46. Rf4
Rd3 47. Kg2 Kh5 48. Kf2 Kg5 49. Re4 Kf5 50. Rh4 Kg5 51. Rf4 Kh5 52. Re4 Kg5 53.
g4 Ra3 54. Ke2 Kf6 55. Rf4+ Kg5 56. Rf3 Ra2+ 57. Kd3 Kxg4 58. Rf8 Kg5 59. Ke4
Re2+ 60. Kd5 Rd2 61. Ke5 Kg6 62. d5 Re2+ 63. Kd6 Kg7 64. Rf4 Rd2 65. Ke6 Ra2 66.
d6 1-0

[Event "TCh-FRA Top 12 2016"]
[Site "Drancy FRA"]
[Date "2016.06.04"]
[Round "8.2"]
[Board "8"]
[White "Cabanac, Laurine"]
[Black "Maisuradze, Nino"]
[Result "0-1"]
[BlackTitle "WGM"]
[WhiteElo "1100"]
[BlackElo "2239"]
[WhiteTeam "L'Echiquier Chalonnais, CHALONS-EN-CHAMPAGNE"]
[BlackTeam "BISCHWILLER"]
[WhiteFideId "45133832"]
[BlackFideId "13601717"]
[EventDate "2016.05.28"]

1. d4 Nf6 2. Nf3 e6 3. Bf4 b6 4. e3 Bb7 5. Bd3 Be7 6. O-O d6 7. Nbd2 c5 8. c3
Nbd7 9. Re1 Nh5 10. g3 h6 11. Nc4 Qc7 12. Nfd2 Nxf4 13. exf4 Nf6 14. Na3 a6 15.
Be4 Nxe4 16. Nxe4 Qc6 17. Qf3 f5 18. Nd2 Qxf3 19. Nxf3 Bxf3 20. Nc4 b5 21. Nd2
Bd5 0-1

[Event "TCh-FRA Top 12 2016"]
[Site "Drancy FRA"]
[Date "2016.06.04"]
[Round "8.3"]
[Board "1"]
[White "David, Alberto"]
[Black "Bailet, Pierre"]
[Result "1-0"]
[WhiteTitle "GM"]
[BlackTitle "IM"]
[WhiteElo "2571"]
[BlackElo "2499"]
[WhiteTeam "Les Tours de Haute Picardie, SAINT QUENTIN"]
[BlackTeam "VANDOEUVRE Echecs"]
[WhiteFideId "4000013"]
[BlackFideId "655830"]
[EventDate "2016.05.28"]

1. e4 e5 2. Nf3 Nc6 3. Bb5 a6 4. Ba4 Nf6 5. O-O Be7 6. Re1 b5 7. Bb3 O-O 8. h3
Bb7 9. d3 d5 10. exd5 Nxd5 11. Nxe5 Nd4 12. Nc3 Nb4 13. Bd2 c5 14. Ne4 a5 15.
Nxf7 Rxf7 16. Bxf7+ Kxf7 17. c3 Ndc2 18. cxb4 Nxa1 19. Nxc5 Bxc5 20. bxc5 Qd5
21. Re4 Kg8 22. Bc3 b4 23. Bd4 b3 24. Qxa1 bxa2 25. b3 a4 26. b4 Bc6 27. b5 Bxb5
28. Re7 Kf8 29. Rxg7 Bxd3 30. c6 Bc4 31. c7 Rc8 32. Rxh7 1-0